000 nam a22 7a 4500
999 _c40942
_d40942
003 OSt
005 20180127115553.0
008 180127b xxu||||| |||| 00| 0 eng d
040 _csero soft
100 _aBhatnagar Dr. A,B
245 _aGrowing up as a Learner (Hindi)
260 _aR.lall
_bMeerut
300 _a252
942 _2ddc
_c02